[Event "MDA-ch (Women)"]
[Site "Kishinev"]
[Date "2014.02.19"]
[Round "10"]
[White "Cazacu, Gabriela"]
[Black "Daicu, Diana"]
[Result "1-0"]
[WhiteElo "1866"]
[BlackElo "1553"]
[PlyCount "93"]
[EventDate "2014.02.10"]
[EventType "tourn"]
[EventRounds "11"]
[EventCountry "MDA"]
[SourceTitle "CBM 158 Extra"]
[Source "ChessBase"]
[SourceDate "2014.02.28"]
[SourceVersion "1"]
[SourceVersionDate "2014.02.28"]
[SourceQuality "1"]

1. d4 Nf6 2. c4 c5 3. d5 e6 4. Nc3 exd5 5. cxd5 d6 6. Nf3 g6 7. Bf4 a6 8. a4 Bg7 9. e4 0-0 10. Be2 Bg4 11. 0-0 Qe7 12. Nd2 Bxe2 13. Qxe2 Nh5 14. Be3 Nd7 15. a5 Rfe8 16. g4 Nhf6 17. f3 Rac8 18. Kh1 Ne5 19. g5 Nh5 20. f4 Nd7 21. e5 dxe5 22. f5 Qd8 23. Nde4 Bf8 24. Qf3 Ng7 25. fxg6 fxg6 26. Qf7+ Kh8 27. Nf6 Nxf6 28. gxf6 Nf5 29. Rxf5 Rc7 30. Qxc7 Qxc7 31. Rf2 Qd7 32. Raf1 Qg4 33. Rg1 Qb4 34. Rgf1 Qxa5 35. Bg5 Rc8 36. f7 h6 37. Bf6+ Kh7 38. Bxe5 Qd8 39. d6 Qd7 40. Kg1 c4 41. Nd5 Qe6 42. Nf6+ Kg7 43. Bc3 Kh8 44. Re1 Qxe1+ 45. Bxe1 Bxd6 46. Bc3 Kg7 47. Ne4+ 1-0

[Event "EU-ch U18 Girls 23rd"]
[Site "Budva"]
[Date "2013.09.30"]
[Round "2"]
[White "Gulay, Ayca Nuriye"]
[Black "Cazacu, Gabriela"]
[Result "1/2-1/2"]
[WhiteElo "1634"]
[BlackElo "1876"]
[PlyCount "45"]
[EventDate "2013.09.29"]
[EventType "swiss"]
[EventRounds "9"]
[EventCountry "MNE"]
[SourceTitle "CBM 156 Extra"]
[Source "ChessBase"]
[SourceDate "2013.10.22"]
[SourceVersion "1"]
[SourceVersionDate "2013.10.22"]
[SourceQuality "1"]

1. Nf3 c5 2. c4 Nc6 3. d4 cxd4 4. Nxd4 g6 5. g3 Bg7 6. Nb3 f5 7. Bg2 Nf6 8. Nc3 0-0 9. 0-0 d6 10. c5 dxc5 11. Nxc5 Qxd1 12. Rxd1 Rb8 13. Rb1 e5 14. Nb5 a6 15. Nd6 Nd4 16. Kf1 b6 17. Nxc8 bxc5 18. Ne7+ Kf7 19. Nd5 e4 20. Nc3 Rfd8 21. Bf4 Rbc8 22. Na4 Nd5 23. Rd2 1/2-1/2

[Event "Terre degli Elimi op 4th"]
[Site "Erice"]
[Date "2013.07.28"]
[Round "7"]
[White "Haast, Anne"]
[Black "Cazacu, Gabriela"]
[Result "1-0"]
[WhiteElo "2277"]
[BlackElo "1845"]
[PlyCount "61"]
[EventDate "2013.07.24"]
[EventType "swiss"]
[EventRounds "7"]
[EventCountry "ITA"]
[SourceTitle "EXT 2015"]
[Source "ChessBase"]
[SourceDate "2014.11.20"]
[SourceVersion "1"]
[SourceVersionDate "2014.11.20"]
[SourceQuality "1"]

1. e4 c5 2. Nf3 d6 3. d4 cxd4 4. Nxd4 Nf6 5. Nc3 g6 6. Be3 Bg7 7. f3 0-0 8. Qd2 Nc6 9. 0-0-0 Nxd4 10. Bxd4 Be6 11. Kb1 Qc7 12. g4 Rfc8 13. h4 Qa5 14. Nd5 Qxd2 15. Rxd2 Bxd5 16. exd5 Rc7 17. h5 Rac8 18. c3 a6 19. h6 Bh8 20. Bb6 Rd7 21. g5 Nh5 22. Bh3 f5 23. gxf6 Nxf6 24. Be6+ Kf8 25. f4 Rdc7 26. f5 Ne4 27. Rg2 Rxc3 28. fxg6 hxg6 29. bxc3 Nxc3+ 30. Kc2 Rc4 31. Kb3 1-0

[Event "Vratsa op (Women)"]
[Site "Vratsa"]
[Date "2013.07.19"]
[Round "7"]
[White "Shivacheva, Donika"]
[Black "Cazacu, Gabriela"]
[Result "0-1"]
[WhiteElo "1709"]
[BlackElo "1845"]
[PlyCount "76"]
[EventDate "2013.07.15"]
[EventType "swiss"]
[EventRounds "9"]
[EventCountry "BUL"]
[SourceTitle "CBM 155 Extra"]
[Source "ChessBase"]
[SourceDate "2013.08.26"]
[SourceVersion "1"]
[SourceVersionDate "2013.08.26"]
[SourceQuality "1"]

1. e4 c5 2. Nc3 d6 3. g3 g6 4. Bg2 Bg7 5. Nf3 Nc6 6. d3 Nf6 7. 0-0 0-0 8. h3 Rb8 9. Be3 b5 10. a3 b4 11. axb4 Rxb4 12. Qc1 Re8 13. e5 dxe5 14. Bxc5 Rb8 15. Nd2 Qc7 16. Nc4 a6 17. Re1 Bb7 18. Bb6 Qc8 19. Na4 Nd7 20. Be3 Nd4 21. Bxd4 Bxg2 22. Ba7 Bxh3 23. Bxb8 Qb7 24. Ne3 Bh6 25. f4 Rxb8 26. Kh2 exf4 27. Kxh3 fxe3 28. Qd1 Nf6 29. Rf1 Qc8+ 30. Kg2 Qc6+ 31. Kg1 Rb5 32. c4 Rh5 33. Qf3 Qe6 34. Qg2 e2 35. Qa8+ Kg7 36. Rfe1 Qe3+ 37. Kg2 Ng4 38. Qf3 Rh2# 0-1

[Event "Marianske Lazne op 12th"]
[Site "Marianske Lazne"]
[Date "2013.01.24"]
[Round "7"]
[White "Ptacek, Lubos"]
[Black "Cazacu, Gabriela"]
[Result "1-0"]
[WhiteElo "2128"]
[BlackElo "1835"]
[PlyCount "39"]
[EventDate "2013.01.19"]
[EventType "swiss"]
[EventRounds "9"]
[EventCountry "CZE"]
[SourceTitle "CBM 152 Extra"]
[Source "ChessBase"]
[SourceDate "2013.02.25"]
[SourceVersion "1"]
[SourceVersionDate "2013.02.25"]
[SourceQuality "1"]

1. e4 c5 2. Nf3 d6 3. d4 cxd4 4. Nxd4 Nf6 5. Nc3 g6 6. Be2 Bg7 7. Be3 0-0 8. 0-0 Nc6 9. h3 Bd7 10. Qd2 Rc8 11. f4 a6 12. Rad1 b5 13. a3 Qc7 14. Kh1 Rfd8 15. Qe1 Be8 16. Qf2 Qb7 17. Bf3 Qb8 18. e5 dxe5 19. Nxc6 Bxc6 20. Rxd8+ 1-0

[Event "World ol U16 11th"]
[Site "Istanbul"]
[Date "2012.09.01"]
[Round "5.20"]
[White "Felix Vega, Aurora Edith"]
[Black "Cazacu, Gabriela"]
[Result "1-0"]
[WhiteElo "1896"]
[BlackElo "1827"]
[PlyCount "83"]
[EventDate "2012.08.29"]
[EventType "team-swiss"]
[EventRounds "10"]
[EventCountry "TUR"]
[SourceTitle "EXT 2017"]
[Source "ChessBase"]
[SourceDate "2016.10.25"]
[SourceVersion "1"]
[SourceVersionDate "2016.10.25"]
[SourceQuality "1"]
[WhiteTeam "Peru (U16)"]
[BlackTeam "Moldova (U16)"]
[WhiteTeamCountry "PER"]
[BlackTeamCountry "MDA"]

1. e4 c5 2. Nf3 d6 3. d4 cxd4 4. Nxd4 Nf6 5. Nc3 g6 6. Be3 Bg7 7. f3 0-0 8. Qd2 Nc6 9. Bc4 Bd7 10. h4 Ne5 11. Bb3 Rb8 12. 0-0-0 b5 13. h5 Nc4 14. Bxc4 bxc4 15. hxg6 fxg6 16. Bh6 Qb6 17. b3 cxb3 18. axb3 Bxh6 19. Rxh6 Rf7 20. Kb2 Qc5 21. g4 e6 22. Nde2 Rb6 23. Ra1 a5 24. Rhh1 Be8 25. Na4 Qe5+ 26. Qd4 Qxd4+ 27. Nxd4 Bxa4 28. Rxa4 e5 29. Ne2 Nd7 30. Rxa5 Rxf3 31. Ra7 Rf7 32. Nc3 Rb4 33. Nd5 Rxe4 34. Rxd7 Rxd7 35. Nf6+ Kg7 36. Nxe4 d5 37. Rxh7+ Kxh7 38. Nf6+ Kg7 39. Nxd7 e4 40. g5 d4 41. Nc5 e3 42. Ne6+ 1-0

[Event "La Fere op 11th"]
[Site "La Fere"]
[Date "2012.07.07"]
[Round "1"]
[White "Cazacu, Gabriela"]
[Black "Godart, Francois"]
[Result "0-1"]
[WhiteElo "1814"]
[BlackElo "2317"]
[PlyCount "100"]
[EventDate "2012.07.07"]
[EventType "swiss"]
[EventRounds "9"]
[EventCountry "FRA"]
[SourceTitle "CBM 149 Extra"]
[Source "ChessBase"]
[SourceDate "2012.08.24"]
[SourceVersion "1"]
[SourceVersionDate "2012.08.24"]
[SourceQuality "1"]

1. d4 Nf6 2. c4 e5 3. dxe5 Ng4 4. Nf3 Bc5 5. e3 Nc6 6. Be2 0-0 7. 0-0 Re8 8. Nc3 Ngxe5 9. Ne4 Bf8 10. Qc2 d6 11. Neg5 g6 12. Rd1 Bf5 13. e4 Nxf3+ 14. Bxf3 Bd7 15. Be2 Qe7 16. c5 h6 17. cxd6 cxd6 18. Nf3 Qxe4 19. Qxe4 Rxe4 20. Bd3 Ree8 21. Bf4 Rad8 22. a3 Be6 23. Rac1 Bg7 24. Rd2 g5 25. Be3 g4 26. Ne1 Na5 27. Rc7 Rc8 28. Rxc8 Rxc8 29. Rc2 Rxc2 30. Nxc2 Bxb2 31. Bxa7 Nc4 32. Bb8 d5 33. a4 Ne5 34. Bb5 f6 35. a5 d4 36. a6 bxa6 37. Bxa6 Bf5 38. Nb4 d3 39. Nxd3 Nxd3 40. Bc4+ Kg7 41. Ba7 Nf4 42. Be3 Bd3 43. Bxd3 Nxd3 44. Kf1 Bc3 45. f3 gxf3 46. gxf3 Be5 47. Bg1 Kg6 48. Kg2 Ne1+ 49. Kf2 Bd4+ 50. Kxe1 Bxg1 0-1

[Event "Sunny Beach op 10th"]
[Site "Sunny Beach"]
[Date "2011.09.01"]
[Round "6"]
[White "Paldus, Petr"]
[Black "Cazacu, Gabriela"]
[Result "0-1"]
[WhiteElo "2051"]
[BlackElo "1719"]
[PlyCount "88"]
[EventDate "2011.08.27"]
[EventType "swiss"]
[EventRounds "9"]
[EventCountry "BUL"]
[SourceTitle "CBM 144 Extra"]
[Source "ChessBase"]
[SourceDate "2011.10.28"]
[SourceVersion "1"]
[SourceVersionDate "2011.10.28"]
[SourceQuality "1"]

1. Nf3 c5 2. c4 Nc6 3. g3 g6 4. Bg2 Bg7 5. 0-0 Nf6 6. Nc3 0-0 7. e4 d6 8. h3 Rb8 9. d3 a6 10. Be3 b5 11. Qd2 Bd7 12. b3 Rb7 13. Bh6 e5 14. Bxg7 Kxg7 15. Nh2 Qc8 16. g4 h5 17. g5 Nh7 18. h4 f5 19. f4 b4 20. Nd5 Be6 21. exf5 Bxf5 22. fxe5 Nxe5 23. d4 Ng4 24. Nxg4 Bxg4 25. Qb2 Rbf7 26. dxc5+ Kg8 27. cxd6 Qc5+ 28. Kh1 Qxd6 29. Ne3 Bf3 30. Qf2 Qd4 31. Nd5 Bxg2+ 32. Qxg2 Qxh4+ 33. Kg1 Qd4+ 34. Kh1 Rf2 35. Nf6+ R8xf6 36. gxf6 Qh4+ 37. Kg1 Rxg2+ 38. Kxg2 Nxf6 39. Rf3 Ng4 40. Rh1 Qg5 41. Rhh3 Qd2+ 42. Kg3 Ne5 43. Rf2 Qg5+ 44. Kh2 Ng4+ 0-1

[Event "Sunny Beach op 10th"]
[Site "Sunny Beach"]
[Date "2011.08.27"]
[Round "1"]
[White "Cazacu, Gabriela"]
[Black "Angelov, Angel Y"]
[Result "1/2-1/2"]
[WhiteElo "1719"]
[BlackElo "2203"]
[PlyCount "95"]
[EventDate "2011.08.27"]
[EventType "swiss"]
[EventRounds "9"]
[EventCountry "BUL"]
[SourceTitle "CBM 144 Extra"]
[Source "ChessBase"]
[SourceDate "2011.10.28"]
[SourceVersion "1"]
[SourceVersionDate "2011.10.28"]
[SourceQuality "1"]

1. d4 c5 2. d5 f5 3. c4 Nf6 4. Nc3 e5 5. dxe6 dxe6 6. Qxd8+ Kxd8 7. Bf4 Nbd7 8. Nf3 Nh5 9. Bd2 b6 10. g3 Bb7 11. Bg2 Ke7 12. 0-0 Nhf6 13. Rad1 g6 14. Bf4 Ne4 15. Nxe4 Bxe4 16. Rd2 Bg7 17. Rfd1 Nf6 18. Bd6+ Ke8 19. Ng5 Bxg2 20. Kxg2 Bh6 21. Bf4 Bxg5 22. Bxg5 Kf7 23. Bxf6 Kxf6 24. Rd7 Rhe8 25. Rxh7 Re7 26. Rd7 Rxh7 27. Rxh7 Rd8 28. Rxa7 Rd2 29. b3 Rxe2 30. Ra6 Ke5 31. a4 g5 32. Rxb6 g4 33. a5 Kd4 34. a6 e5 35. Rf6 Ke4 36. Rd6 Ra2 37. Rd5 Rxa6 38. Rxc5 Ra1 39. Rd5 f4 40. gxf4 exf4 41. Rd8 f3+ 42. Kg3 Rg1+ 43. Kh4 Rg2 44. Re8+ Kf4 45. Rf8+ Ke4 46. Re8+ Kf4 47. Rf8+ Ke4 48. Re8+ 1/2-1/2

[Event "EU-ch U14 Girls 19th"]
[Site "Fermo"]
[Date "2009.09.02"]
[Round "3"]
[White "Koselova, Zuzana"]
[Black "Cazacu, Gabriela"]
[Result "1-0"]
[WhiteElo "1730"]
[BlackElo "1559"]
[PlyCount "87"]
[EventDate "2009.08.31"]
[EventType "swiss"]
[EventRounds "9"]
[EventCountry "ITA"]
[SourceTitle "CBM 132 Extra"]
[Source "ChessBase"]
[SourceDate "2009.11.03"]
[SourceVersion "1"]
[SourceVersionDate "2009.11.03"]
[SourceQuality "1"]

1. e4 c5 2. Nf3 d6 3. d4 cxd4 4. Nxd4 Nf6 5. Nc3 g6 6. Be3 Bg7 7. Bc4 0-0 8. f3 Nc6 9. Qd2 Bd7 10. 0-0-0 Rb8 11. Bb3 Na5 12. Bh6 b5 13. Bxg7 Kxg7 14. h4 h5 15. g4 e6 16. gxh5 Nxh5 17. Nce2 e5 18. Nf5+ gxf5 19. Qxd6 Nxb3+ 20. axb3 Nf6 21. Qxe5 Qb6 22. Rd6 Qe3+ 23. Kb1 Be6 24. Rg1+ Kh7 25. Qxf6 Rg8 26. Rxg8 Rxg8 27. Nc3 b4 28. Nd1 Qc5 29. Qe7 Re8 30. Qxe8 Qxd6 31. Ne3 fxe4 32. fxe4 Qd4 33. Nd5 Bxd5 34. exd5 Qxd5 35. Qe1 a5 36. Ka2 Qf5 37. Qd2 f6 38. Qd3 Kg6 39. Qxf5+ Kxf5 40. c4 bxc3 41. bxc3 Kg4 42. c4 f5 43. c5 f4 44. c6 1-0